Dopasuj imię do nazwiska - polscy piłkarze - Statystyki

Ogólne statystyki
  • Ten quiz został rozwiązany 91 razy
  • Średni wynik to 15 z 20
Statystyki odpowiedzi
Hint Odpowiedź % Poprawnych
Jakub Błaszczykowski
97%
Zbigniew Boniek
95%
Kamil Glik
93%
Kazimierz Deyna
92%
Grzegorz Lato
89%
Łukasz Piszczek
88%
Wojciech Szczęsny
88%
Jacek Krzynówek
77%
Włodzimierz Lubański
76%
Michał Żewłakow
74%
Gerard Cieślik
73%
Jan Tomaszewski
72%
Robert Gadocha
70%
Ernest Wilimowski
69%
Józef Młynarczyk
66%
Andrzej Szarmach
65%
Henryk Kasperczak
64%
Władysław Żmuda
64%
Jerzy Gorgoń
57%
Antoni Szymanowski
50%
Nie znaleziono quizów pasujących do podanych kryteriów
Rozkład punktacji
Procent ludzi z każdym wynikiem
Percentyl według liczby udzielonych odpowiedzi
Twoja historia wyników
Nie rozwiązałeś tego quizu